000 00248nam a2200109Ia 4500
008 200302s9999 xx 000 0 und d
100 _aPaul K. Knox
245 _aUrbanization
260 _bPearson Eduction Ltd,.
260 _c2007
300 _a630 P.,
999 _c5024
_d5024